000 00761nam a2200241 a 4500
001 BRCA_2623
005 20190320203908.0
008 011208s1957----mx-a---###---#000-0#spa-#
041 _aspa
044 _amx
050 4 _aTS1096.M4
_b.L67 1
_c1957
245 1 0 _aLoreto
_bhistoria y evolución de una fábrica de papel.
260 _aMéxico
_bFábricas de Papel Loreto y Peña Pobre
_c1957
300 _a123 p.
_bil. (algunas a color)
_c29 cm.
500 _aDedicatoria del autor al Sr. Franz Mayer.
500 _aIncluye índice de ilustraciones
500 _aEjemplar igual a X52
500 _aA89
650 1 4 _aPapel
_eFabricación y comercio
_97476
710 2 _aFábrica de Papel Loreto (San Angel, México)
_97477
902 _aGFM
942 _2lcc
_cB
999 _c2363
_d2363